| 000 | 00534nam a2200169Ia 4500 | ||
|---|---|---|---|
| 008 | 090201s9999 xx 000 0 und d | ||
| 010 | _aKPL-55029 | ||
| 040 | _bमराठी | ||
| 041 | _aमराठी | ||
| 082 |
_a39504 _b55029 |
||
| 100 | _aराजेंद्र खेर | ||
| 245 |
_aदिग्विजय _cराजेंद्र खेर |
||
| 260 |
_c2004 _bमेहता पब्लिशिंग हाउस |
||
| 300 |
_a620 _bमोठा |
||
| 600 | _aदिग्विजय | ||
| 942 | _cBOOK | ||
| 999 |
_c236830 _d236830 |
||